Tous les feats : Damso - Statistiques

Statistiques générales
  • Ce quiz a été pris 766 fois
  • Le résultat moyen est 27 sur 44
Statistiques - réponses
Hint Réponse % Correct
Silence Angèle
95%
Démons Angèle
95%
Nocif Hamza
94%
BXL ZOO Hamza
94%
God Bless Hamza
94%
Slow Hamza
94%
JTC Kalash
93%
Praliné Kalash
93%
I Love You Kalash
93%
Malpolis Kalash
93%
Mwaka Moon Kalash
93%
Paris c'est loin Booba
91%
113 Booba
91%
Pinocchio Booba / Gato
91%
Tricheur Nekfeu
86%
BODIES Gazo
85%
LA RUE Gazo
85%
Rêves Bizzares Orelsan
81%
Vitrine Vald
79%
Promo Ninho
72%
Du mal à te dire Dinos
71%
COEUR DE ICE Zola
71%
Dégaine Aya Nakamura
70%
RENCONTRE Disiz
70%
But en or Kalash Criminel
66%
Pyramide Werenoi
66%
Quoi de neuf bébé Jok'air
57%
Noche Lacrim
52%
Mobali Siboy / Benash
50%
Lubie Lous and The Yakuza
41%
COEUR EN MIETTES Lous and The Yakuza
41%
Robe Dadju
39%
Ivre Benash / Shay
34%
T.CHIALER YG Pablo
34%
RVRE 404Billy
29%
SOLITERRIEN Ikaz boi
24%
.FUMEE.EPAISSE. Kobo
23%
Personne Vegedream
20%
ParoVie D.A.V
14%
Etranger ElGrandeToto
14%
Wanted You to Know Selah Sue
13%
Best Innoss'B
10%
Peur d'être père Youri Botterman
5%
FAIS ÇA BIEN Fally lpupa
2%
Aucun quiz correspondant
Distribution des résultats
% des personnes avec chaque résultat
Percentile par nombre de réponses
Votre historique - résultats
Vous n’avez pas pris ce quiz